000 01187cam a22002891 4500
001 doctorsofphiloso00spar
003 CaSfIA
005 20210118002626.0
007 cr||||
008 720727t19661963nyu 000 0 eng
035 _9(DLC) 66000490
856 4 1 _uhttp://www.archive.org/details/doctorsofphiloso00spar
_zFree eBook from the Internet Archive
856 4 2 _uhttp://www.openlibrary.org/books/OL5975104M
_zAdditional information and access via Open Library
010 _a 66000490
035 _a(OCoLC)366909
040 _aDLC
_cODaWU
_dOCoLC
_dDLC
_dCaSfIA
042 _apremarc
050 0 0 _aPR6037.P29
_bD6 1966
082 _a822.914
100 1 _aSpark, Muriel.
245 1 0 _aDoctors of philosophy;
_h[electronic resource]
_ba play.
260 _aNew York,
_bKnopf,
_c1966 [c1963]
300 _av, 110 p.
_c23 cm.
942 _cEB
506 _fНеобхідна авторизація на https://archive.org/ (створення облікового запису безкоштовно)
506 _fНеобхідна авторизація на https://openlibrary.org/ (створення облікового запису безкоштовно)
999 _c489515
_d489515